Tổ chức bộ máy chính quyền và chính sách quản lý đô thị của thực dân Pháp ở thành phố Hải Dương (Giai đoạn 1923-1945) /
Gardado en:
| Autor Principal: | |
|---|---|
| Formato: | Artigo |
| Idioma: | Vietnamese |
| Những chủ đề: | |
| Các nhãn: |
Engadir etiqueta
Sen Etiquetas, Sexa o primeiro en etiquetar este rexistro!
|
| Thư viện lưu trữ: | Thư viện Trường Đại học Đà Lạt |
|---|
| LEADER | 00892nam a2200265 4500 | ||
|---|---|---|---|
| 001 | DLU110128152 | ||
| 005 | ##20111117 | ||
| 040 | # | # | |a DLU |b vie |
| 041 | # | # | |a vie |
| 044 | # | # | |a vn |
| 100 | # | # | |a Phạm Thị Tuyết, |c ThS. |
| 245 | # | # | |a Tổ chức bộ máy chính quyền và chính sách quản lý đô thị của thực dân Pháp ở thành phố Hải Dương (Giai đoạn 1923-1945) / |c Phạm Thị Tuyết. |
| 653 | # | # | |a Bộ máy chính quyền |
| 653 | # | # | |a Quản lí đô thị |
| 653 | # | # | |a Qui hoạch đô thị |
| 773 | # | # | |t Nghiên cứu Lịch sử |g Số 12(416), 2010, tr. 47-57 |
| 920 | # | # | |a Phòng Tạp chí -- Trung tâm Thông tin - Thư viện Trường Đại học Đà Lạt |
| 994 | # | # | |a DLU |
| 900 | # | # | |a True |
| 911 | # | # | |a Nguyễn Thị Linh Chi |
| 925 | # | # | |a G |
| 926 | # | # | |a A |
| 927 | # | # | |a BB |
| 980 | # | # | |a Thư viện Trường Đại học Đà Lạt |